Juegos de interacción para adolescentes, jóvenes y adultos: relaciones interpersonales, feed-back, cooperación, roles
Guardat en:
| Autor principal: | |
|---|---|
| Format: | Llibre |
| Idioma: | espanyol |
| Publicat: |
Madrid
CCS
2000
|
| Edició: | 3a. ed |
| Col·lecció: | Colección Animación de Grupos, 8
|
| Matèries: | |
| Etiquetes: |
Afegir etiqueta
Sense etiquetes, Sigues el primer a etiquetar aquest registre!
|
MARC
| LEADER | 00000nam a2200000 a 4500 | ||
|---|---|---|---|
| 001 | UCO5728 | ||
| 003 | CL-VaPUC | ||
| 008 | 000915e20000000SP |||||||||||||||||spa|d | ||
| 082 | 0 | 4 | |a 306.48 |b VOP |2 21 |
| 100 | 0 | |a Vopel, Klaus W |e author |9 450524 | |
| 245 | 1 | 0 | |a Juegos de interacción para adolescentes, jóvenes y adultos: relaciones interpersonales, feed-back, cooperación, roles |
| 250 | |a 3a. ed | ||
| 300 | |a 192 p | ||
| 942 | |c BK | ||
| 945 | |d 20000915 00:00:00 |a vberengu | ||
| 260 | |a Madrid |b CCS |c 2000 | ||
| 650 | 0 | |a Adolescentes |9 308058 | |
| 650 | 0 | |a Adultos |9 335034 | |
| 650 | 0 | |a Dinámica de grupos |9 259862 | |
| 650 | 0 | |a Jóvenes |9 326981 | |
| 650 | 7 | |a JUEGOS DIRIGIDOS |2 CL-VaPUC |9 450525 | |
| 650 | 0 | |a Juegos educativos |9 307366 | |
| 650 | 0 | |a Psicología del desarrollo |9 307541 | |
| 583 | |a last modification |c 20000915 00:00:00 |k Rodrigo Vera | ||
| 490 | 0 | |a Colección Animación de Grupos, 8 | |
| 999 | |c 291563 |d 291561 | ||
| 952 | |0 0 |1 0 |4 0 |6 306_480000000000000_VOP_2000 |7 0 |8 A |9 341485 |a BIBEDU |b BIBEDU |d 2019-11-20 |i 3648362 |o 306.48 VOP 2000 |p 3648362 |r 2019-11-20 |w 2019-11-20 |y BK |k EPE | ||
| 952 | |0 0 |1 0 |4 0 |6 306_480000000000000_VOP_2000 |7 0 |8 A |9 341486 |a BIBEDU |b BIBEDU |d 2019-11-20 |i 3986934 |o 306.48 VOP 2000 |p 3986934 |r 2019-11-20 |w 2019-11-20 |y BK |k EBA | ||